000 00779nam a22002177a 4500
003 DO-SdBNP
005 20260219105724.0
008 110627s2021 dr 000 0 spa d
040 _aDO-SdBNP
_bspa
_cBNPHU
082 _a378.7293
_bU588s, 2021
110 2 _aUniversidad Católica de Santo Domingo
_91476
245 1 0 _aOctogésima quinta graduación ordinaria :
_bCasa San Pablo abril 24 del 2021 /.
260 _aSanto Domingo :
_bUniversidad Católica Santo Domingo,
_c2021.
300 _a24 p. ;
_c21 cm.
590 _aInventariado, 2022/ YL
650 4 _aUniversidades
_zRepública Dominicana
_9729
650 0 _aEducación superior
_zRepública Dominicana
_9730
650 4 _aTítulos académicos
_zRepública Dominicana
_982000
910 _aYLOCKWARD
942 _2ddc
_cLF2
999 _c51597
_d51597